Länder mit den meisten Analphabeten - Statistiken

Allgemein
  • Dieses Quiz wurde 99 mal gespielt
  • Das Durchschnittsergebnis liegt bei 21 aus 30
Antwortstatistiken
Platz Land Analphabeten in % % Korrekt
1. Niger 80%
94%
15. Mali 52%
87%
16. Tschad 51%
86%
7. Gambia 58%
83%
11. Afghanistan 56%
81%
10. Mauretanien 57%
80%
16. Pakistan 51%
79%
6. Somalia 62%
79%
21. Zentralafrikanische Republik 48%
79%
2. Burkina Faso 71%
78%
7. Senegal 58%
78%
4. Guinea 68%
77%
7. Irak 58%
77%
3. Sierra Leone 70%
77%
12. Guinea-Bissau 55%
76%
5. Benin 63%
74%
24. Elfenbeinküste 45%
72%
26. Burundi 42%
71%
18. Mosambik 50%
69%
14. Äthiopien 53%
67%
21. Jemen 48%
67%
28. Liberia 41%
67%
12. Bangladesch 55%
66%
18. Nepal 50%
65%
21. Marokko 48%
58%
30. Ägypten 39%
56%
24. Haiti 45%
52%
26. Komoren 42%
52%
28. Osttimor 41%
50%
18. Bhutan 50%
42%
Keine übereinstimmenden Quizze gefunden
Verteilung der Resultate
Anzahl Personen mit jedem Resultat
Perzentil nach korrekt beantworteten Fragen
Ihre Resultats-Entwicklung
Sie haben dieses Quiz noch nicht gespielt